000 00499nam a2200169 i 4500
001 bg
100 1 _aDEPUTAT, Julian
245 0 _aSzerokość obwiedni ech reflektorów wzorcowych /
_cJ. Deputat.
260 _aWarszawa,
_c1980.
490 1 _aPrace Instytutu Podstawowych Problemów Techniki PAN ;
_v45
830 _aPrace Instytutu Podstawowych Problemów Techniki PAN ;
040 _cBPK
041 _apol
080 _a620.1:534
942 _cKS
008 s pl f |000 0 pol
999 _c20882
_d20882
856 _uhttp://koha.tu.koszalin.pl/cgi-bin/koha/opac-detail.pl?biblionumber=20882
_yKatalog online BPK